Spanish Sports Words - Statistics

General Stats
  • This quiz has been taken 18 times
  • The average score is 16 of 24
Answer Stats
In Spanish In English % Correct
fútbol americano football / american football
100%
golf golf
94%
hockey hockey
94%
fútbol soccer
94%
tenis tennis
94%
voleibol volleyball
94%
béisbol baseball
88%
atleta athlete
81%
pelota ball
81%
estadio stadium
81%
raqueta racket
75%
ganar to win / win
75%
campeon champion / winner
69%
piscina pool
69%
natación swimming
69%
partido game
63%
equipo team
63%
baloncesto basketball
56%
aficionados fans
56%
bate bat
38%
campo field
25%
guante glove
13%
casco helmet
13%
cancha court
6%
No matching quizzes found
Score Distribution
Percent of People with Each Score
Percentile by Number Answered
Your Score History
You have not taken this quiz